| 000 | 01174nam0a2200325 4500 | ||
|---|---|---|---|
| 001 | RU\NLR\bibl\1081102 | ||
| 005 | 20250615050057.0 | ||
| 010 |
_a978-5-89698-028-5 _92000 |
||
| 021 |
_aRU _b2007-19197 _91020 |
||
| 035 | _a(NLR Aleph) 001068287 | ||
| 090 |
_a982357 _c982357 |
||
| 100 | _a20070503d2007 |||y0rusy50 ca | ||
| 101 | 0 | _arus | |
| 102 | _aRU | ||
| 105 | _aa z ||||| | ||
| 200 | 1 |
_aАпитерапия _eлечение продуктами пчеловодства _f[сост. В.Н. Ефимов] |
|
| 205 | _a[Изд. 7-е, стер.] | ||
| 210 |
_aМосква _cАиН _d2007 |
||
| 215 |
_a47,[1] с. _cил. _d22 |
||
| 225 | 1 |
_aБиблиотечка "АиН" _e"Здоровый дух в здоровом теле" _vN° 1 (22), 2007 |
|
| 606 | 1 |
_aАпитерапия _91016626 _3RU\NLR\auth\6670158 |
|
| 686 | _aР353.22 | ||
| 702 | 1 |
_4220 _7ca _8rus _aЕфимов _bВ. Н. _cпчеловод _gВалентин Николаевич _9258549 _3RU\NLR\AUTH\770258605 |
|
| 801 | 0 |
_aRU _bNLR _c20070503 _gRCR |
|
| 801 | 1 |
_aRU _bNLR _c20070503 |
|
| 830 | _aСост. по ЭК. | ||
| 942 | _cBOOK | ||
| 980 | _aNB | ||